| 000 | 00558nam a2200169Ia 4500 | ||
|---|---|---|---|
| 999 |
_c13171 _d13171 |
||
| 003 | OSt | ||
| 005 | 20201117152332.0 | ||
| 008 | 190216s9999||||xx |||||||||||||| ||und|| | ||
| 040 | _coclc | ||
| 082 |
_a410.08 _bHAM/R |
||
| 100 |
_aHamp, Eric P _96676 |
||
| 245 | 0 |
_aReadings In Linguistics II / _cEric P Hamp ; Fred W Householder ; Robert Austerlitz |
|
| 260 |
_bThe University Of Chicago Press, _c1966. _aUnited states of america; |
||
| 300 | _a395p | ||
| 650 | _aEnglish Literature | ||
| 942 |
_cBK _2ddc _h410.08 _iHAM/R _k410.08 _mHAM/R |
||